Central Library, Doon University
WEBOPAC (ONLINE PUBLIC ACCESS CATALOGUE)

Problems of Number Theory in Mathematical Competitions (Record no. 60773)

MARC details
000 -LEADER
fixed length control field 00501nam a22001817a 4500
005 - DATE & TIME
control field 20260513112321.0
008 - FIXED-LENGTH DATA ELEMENTS--GENERAL INFORMATION
fixed length control field 260513b |||||||| |||| 00| 0 eng d
020 ## - ISBN
International Standard Book Number 9780000990150
Price 995.00
040 ## - CATALOGING SOURCE
Original cataloging agency Doon University
041 ## - Language
Language English
082 ## - DDC NUMBER
Classification number 512.7
Book Number BIN
100 ## - MAIN ENTRY--PERSONAL NAME
Personal name Bing, Yu Hong
245 ## - TITLE STATEMENT
Title Problems of Number Theory in Mathematical Competitions
260 ## - PUBLICATION, DISTRIBUTION, ETC. (IMPRINT)
Place of publication, distribution, etc New Jersey
Name of publisher, distributor, etc World Scientific
Date of publication, distribution, etc 2021
300 ## - PHYSICAL DESCRIPTION
Pages 106
Dimension Vol.2nd
650 ## - Subject
Subject Mathematics (PM USHA)
942 ## - ADDED ENTRY ELEMENTS (KOHA)
Koha item type Books
100 ## - MAIN ENTRY--PERSONAL NAME
-- 26799
650 ## - Subject
-- 26738
952 ## - LOCATION AND ITEM INFORMATION (KOHA)
-- 2026-05-13
952 ## - LOCATION AND ITEM INFORMATION (KOHA)
-- 2026-05-13
952 ## - LOCATION AND ITEM INFORMATION (KOHA)
-- 2026-05-13
Holdings
Withdrawn status Lost status Source of classification or shelving scheme Damaged status Not for loan Location (home branch) Sublocation or collection (holding branch) Date acquired Koha full call number Accession No. Koha date last seen Koha item type Koha issues (times borrowed)
        Not For Loan Doon University Doon University 13.05.2026 512.7 BIN 33007 13.05.2026 Reference  
          Doon University Doon University 13.05.2026 512.7 BIN 33008 13.05.2026 Books  
          Doon University Doon University 13.05.2026 512.7 BIN 33009 13.05.2026 Books  
Contact : +91-135-2533126 (Library),+91-135-2533105 (Admin Office) , Email : doonlibrary@gmail.com

Powered by Koha